| 000 | 01372cam a2200301 a 4500 | ||
|---|---|---|---|
| 001 | 000001634 | ||
| 003 | DO-SdBNP | ||
| 005 | 20251204073701.0 | ||
| 008 | 970225s1997 wau 001 0 spa | ||
| 020 | _a0821337157 | ||
| 040 |
_aDO-SdBNP _bspa _cBNPHU |
||
| 041 | 1 | 7 |
_aeng _hspa |
| 082 |
_a340.3098 _bR332 |
||
| 245 | 0 | 0 |
_aReforma judicial en América Latina y el Caribe : _bprocedimientos de la Conferencia del Banco Mundial / _ceditado por Malcolm Rowat, Waleed H. Malik, María Dakolias. |
| 260 |
_aWashington : _bBanco Mundial, _c1997. |
||
| 300 |
_axi, 19 p. ; _c28 cm. |
||
| 490 | 1 |
_aDocumento técnico del Banco Mundial _vno. 280S |
|
| 500 | _aAlgunas de las ponencias presentadas en la "Conferencia del Banco Mundial sobre Reforma Judicial en América Latina y el Caribe", June 13-14, 1994, Washington, D.C. | ||
| 650 | 4 |
_aReforma judicial _zAmérica Latina _95342 |
|
| 650 | 0 |
_aReforma judicial _zAMÉRICA LATINA _95342 |
|
| 650 | 0 |
_aAdministración de justicia _zCaribe, Región _910083 |
|
| 700 | 1 |
_aRowat, Malcolm, _d1945- _eed. _95345 |
|
| 700 | 1 |
_aMalik, Waleed Haider, _d1957- _eed. _95346 |
|
| 700 | 1 |
_aDakolias, María, _d1965- _eed. _95347 |
|
| 711 | 2 |
_aWorld Bank Conference on Development in Latin América and the Caribbean _d(1994 : _cWashington, D.C.) _95348 |
|
| 830 | 0 |
_aDocumento técnico del Banco Mundial _vno. 280S _95349 |
|
| 942 |
_2ddc _cLBS1 |
||
| 999 |
_c1524 _d1524 |
||